000 00872nam a2200229 a 4500
001 BRCA_2673
005 20190320203922.0
008 021208s1904----nyua---###---#000-0#spa-u
050 4 _aF1211.L9
_b.L94 1904
100 1 _aLumholtz, Carl Sofus
_d1851-1922
_97584
245 1 0 _aEl México desconocido
_bcinco años de exploración entre las tribus de la Sierra Madre occidental, en la tierra caliente de Tepic y Jalisco, y entre los tarascos de Michoacán
_cpor Carl Lumholtz ; tr. por Balbino Dávalos.
260 _aNew York
_bCharles Scribner´s Sons
_c1904
300 _a2 v.
_bil. (algunas a color), mapas
_c25 cm.
500 _aB9
650 1 4 _aViajeros noruegos
_97585
650 1 4 _aIndios de México
_97586
650 1 4 _aTarascos
_97587
651 4 _aMéxico
_xDescripción y viajes
_9103
700 1 _aDávalos, Balbino
_etr
_97588
902 _aGFM
942 _2lcc
_cB
999 _c2413
_d2413